Basic Electronics: Vol 3 (Record no. 12895)
[ view plain ]
| 000 -LEADER | |
|---|---|
| fixed length control field | 00525nam a2200193 4500 |
| 003 - CONTROL NUMBER IDENTIFIER | |
| control field | PK-NaQUE |
| 005 - DATE AND TIME OF LATEST TRANSACTION | |
| control field | 20260326105759.0 |
| 008 - FIXED-LENGTH DATA ELEMENTS--GENERAL INFORMATION | |
| fixed length control field | 260326b ||||| |||| 00| 0 eng d |
| 020 ## - INTERNATIONAL STANDARD BOOK NUMBER | |
| International Standard Book Number | 081040043X |
| 020 ## - INTERNATIONAL STANDARD BOOK NUMBER | |
| International Standard Book Number | 9780810400436 |
| 040 ## - CATALOGING SOURCE | |
| Transcribing agency | QUEST |
| 082 ## - DEWEY DECIMAL CLASSIFICATION NUMBER | |
| Classification number | 621.381WIL |
| 100 ## - MAIN ENTRY--PERSONAL NAME | |
| Personal name | Valkenburgh, Van |
| 245 ## - TITLE STATEMENT | |
| Title | Basic Electronics: Vol 3 |
| 260 ## - PUBLICATION, DISTRIBUTION, ETC. (IMPRINT) | |
| Place of publication, distribution, etc | Lahore: |
| Name of publisher, distributor, etc | Sarhat Printing, |
| Date of publication, distribution, etc | 1979. |
| 650 ## - SUBJECT ADDED ENTRY--TOPICAL TERM | |
| Topical term or geographic name as entry element | Basic Electronics |
| 856 ## - ELECTRONIC LOCATION AND ACCESS | |
| Uniform Resource Identifier | <a href="http://10.10.170.122:8080/browse/book/29408">http://10.10.170.122:8080/browse/book/29408</a> |
| Link text | Download eBook |
| 942 ## - ADDED ENTRY ELEMENTS (KOHA) | |
| Koha item type | Books |
| Source of classification or shelving scheme | Dewey Decimal Classification |
| Withdrawn status | Lost status | Damaged status | Not for loan | Home library | Current library | Date acquired | Cost, normal purchase price | Total Checkouts | Full call number | Barcode | Date last seen | Price effective from | Koha item type |
|---|---|---|---|---|---|---|---|---|---|---|---|---|---|
| Book Bank Section | Book Bank Section | 12/02/2020 | 75.00 | 621.381WIL | B790 | 08/04/2015 | 08/04/2015 | Books | |||||
| Book Bank Section | Book Bank Section | 12/02/2020 | 75.00 | 621.381WIL | B791 | 08/04/2015 | 08/04/2015 | Books | |||||
| Book Bank Section | Book Bank Section | 12/02/2020 | 75.00 | 621.381WIL | B792 | 08/04/2015 | 08/04/2015 | Books | |||||
| Book Bank Section | Book Bank Section | 12/02/2020 | 75.00 | 621.381WIL | B793 | 08/04/2015 | 08/04/2015 | Books | |||||
| Book Bank Section | Book Bank Section | 12/02/2020 | 75.00 | 621.381WIL | B794 | 08/04/2015 | 08/04/2015 | Books |